000 00547nam a2200193Ia 4500
008 151119s9999||||xx |||||||||||||| ||und||
082 _a891.46308
082 _bGKKV25529
100 _a"राजाध्यक्ष, विजया"
245 _aअधांतर
260 _a--
260 _b--
260 _c1965
600 _a"राजाध्यक्ष, विजया"
630 _aअधांतर
700 _a"राजाध्यक्ष, विजया"
730 _aअधांतर
942 _cBOOK
999 _c1078042
_d1078039